000 00464nam a2200169Ia 4500
005 20250508151450.0
008 008 250505s9999 xx 000 0 eng d
037 _aTextual
040 _aFEDL
_beng
_cFEDL
041 _aeng
_2eng
084 _a635.96, POP
_qFEDL
245 0 _aHow to take care of your lawn
260 _aChicago, USA
_bPopular Mechanics Press
_c1954
300 _a32p
942 _cTEXL
_h635.96, POP
999 _c1329975
_d1329975